000 01071nam a2200337 i 4500
001 000013096
003 DO-SdBNP
005 20260406112538.0
007 ta
008 091120s1999 dr 000 f spa d
020 _a9768175087
040 _aDO-SdBNP
_bspa
_cBNPHU
_erda
041 _aspa
082 4 _aRD863.44
_bS787t
_222
100 1 _aStanley, Avelino,
_d1959-
_91536
245 1 0 _aTiempo muerto /
_cAvelino Stanley.
250 _aTercera reimpresión de 1999
264 _aSanto Domingo :
_bCocolo Editorial,
_c1999.
300 _a218 páginas ;
_c22 cm.
336 _atexto
_btxt
_2rdacontent
337 _asin mediación
_bn
_2rdamedia
338 _avolumen
_bnc
_2rdacarrier
500 _aIncluye datos biográficos del autor en la solapa de la cubierta.
586 _aPremio Nacional de la Novela 1997
590 _aInventariado, 2019/VM
650 0 _aNovela dominicana
_9223
650 0 _aLiteratura dominicana.
_967
650 4 _aNegros
_zCaribe (Región{Rpara}
_vNovelas
_91800
910 _aValidado. Control de calidad EMS
942 _2ddc
_cLBS1
999 _c12738
_d12738